000 00323nam a2200133Ia 4500
005 20251222143243.0
008 251222s9999||||xx |||||||||||||| ||spa||
082 _a709.034.1/B33
100 _aHenderson, John
245 0 _aIntroducción a los Clásicos
250 _a1ra.ed.
264 _bOxford University
942 _cLIB
999 _c14644
_d14644